Vlastnictví v lidové demokracii právní úprava vlastnictví v Československé republice

Bibliographic Details
Main Author: Knapp, Viktor, 1913-1996 (Author)
Format: Book
Language:Undetermined
Czech
PhysicalDescription:510 s.
Published: Praha Orbis 1952
Edition:1. vyd.
Subjects:

MARC

LEADER 00000cam a2200000 a 4500
001 vtls001477095
003 SK-MaSNL
005 20260301183442.0
008 240318s1952 xx 0 und
035 |a SNK000432395 
040 |a SNK  |b slo  |c SNK  |e AACR2 
041 |a cze 
044 |a xr  |a CZ 
080 |a 070.2  |2 2001 
100 1 |a Knapp, Viktor,  |d 1913-1996  |4 aut  |9 90284 
245 1 0 |a Vlastnictví v lidové demokracii  |b právní úprava vlastnictví v Československé republice 
250 |a 1. vyd. 
260 |a Praha  |b Orbis  |c 1952 
300 |a 510 s. 
650 0 7 |a vlastnícke vzťahy  |2 SNKPH  |9 66623 
852 |a Štátna vedecká knižnica v Banskej Bystrici 
999 |c 857045  |d 858975 
952 |a SNK  |b SNK  |y VYP  |7 0  |p 17A0688278  |o snkIC 9303 D1  |i snkKIF 3053/57  |3 rekatalogizácia  |0 0  |1 1  |4 0  |d 2011-02-08  |l 0  |r 2026-02-24 05:00:39  |w 2026-02-24 
952 |t P60, <04>, [BOOK], {604}  |a SNK  |b SNK  |y VYP  |7 0  |p 17A0430418  |o snkIC 9303  |i snk1466/52  |0 0  |1 0  |4 0  |d 2004-06-21  |l 0  |r 2005-01-02 00:00:00  |w 2026-02-24